00311nam a2200133Ia 4500003000400000005001700004008004100021020001800062040001700080100002000097245003300117260001800150260000900168OSt20240326122444.0170524s9999 xx 000 0 und d a9788173912542 cIIMTU MEERUT aNegi - Jagmohan 0afood and Beverage Management bKanishka Pub. c2005